| 000 | 00704nam a2200217 a 4500 | ||
|---|---|---|---|
| 003 | MX-MxUPN | ||
| 005 | 20240829063712.0 | ||
| 008 | 991125s1917 mx gr 000 0 spa d | ||
| 035 | _aUPN01000035017 | ||
| 040 |
_aMX-MxUPN _bspa _cMX-MxUPN |
||
| 041 | _aspa | ||
| 050 | 4 |
_aLB2546.3 _bCH5.4 |
|
| 245 | 0 | 0 | _aLey, reglamento y programas detallados de educación primaria para el estado de Chihuahua |
| 260 |
_aChihuahua : _bImprenta del Gobierno, _c1917. |
||
| 300 | _a194 páginas | ||
| 650 | 4 |
_aEducación _xLeyes y legislación _zChihuahua _917451 |
|
| 650 | 4 |
_aEducación primaria _zChihuahua _vPlanes y programas _918488 |
|
| 902 | _bMaríaRobles/280824 | ||
| 905 | _aLibro | ||
| 942 |
_2lcc _cLIBRO _n0 |
||
| 999 |
_c35017 _d35017 |
||